| 000 | 00780nam a22001697a 4500 | ||
|---|---|---|---|
| 999 |
_c63553 _d63553 |
||
| 003 | Ge_BSU | ||
| 005 | 20251028162426.0 | ||
| 008 | 251028s1969 ge ||||| |||| 00| 0 geo d | ||
| 041 | _ageo | ||
| 080 | _a338.45(479.22) მ-57 | ||
| 100 |
_aმერკვილაძე, ზურაბ _926124 |
||
| 245 |
_aლაშქრობა გრძელდება : _b[ქ. რუსთავის მშრომელთა საქმიანობის შესახებ] / _cზურაბ მერკვილაძე. |
||
| 264 |
_aთბილისი : _bსაბჭ. საქართველო, _c1969. |
||
| 300 |
_a88 გვ. ; _b16 სმ. |
||
| 653 | _aსაქართველოს მრეწველობა | ||
| 942 |
_2udc _cᲬᲘᲒᲜᲘ |
||